[Event "Chigorin Memorial 25th"]
[Site "St Petersburg"]
[Date "2017.10.28"]
[Round "8"]
[White "Aslanov, Umid Fuad"]
[Black "Surovtseva, Alisa"]
[Result "1/2-1/2"]
[WhiteElo "1520"]
[BlackElo "1693"]
[PlyCount "93"]
[EventDate "2017.10.21"]
[EventType "swiss"]
[EventRounds "9"]
[EventCountry "RUS"]
[SourceTitle "CBM 181 Extra"]
[Source "ChessBase"]
[SourceDate "2017.12.12"]
[SourceVersion "1"]
[SourceVersionDate "2017.12.12"]
[SourceQuality "1"]

1. e4 d5 2. exd5 Qxd5 3. Nc3 Qd6 4. Nf3 Nf6 5. Bc4 g6 6. h3 Bg7 7. 0-0 0-0 8. d4 a6 9. a4 Nc6 10. b3 Ne8 11. Be3 Qd8 12. Ne2 Nd6 13. Bd3 Bf5 14. Bxf5 Nxf5 15. c3 e5 16. d5 e4 17. dxc6 exf3 18. Qxd8 Raxd8 19. gxf3 bxc6 20. Rad1 Rfe8 21. Rxd8 Rxd8 22. Bf4 Rd7 23. c4 Nh4 24. Bg3 Nxf3+ 25. Kg2 Ng5 26. Re1 Ne4 27. Bh2 f5 28. Nf4 Kf7 29. f3 Rd2+ 30. Re2 Rxe2+ 31. Nxe2 Nc5 32. Nc1 Bb2 33. Na2 a5 34. Bxc7 Nxb3 35. Kf2 Ke6 36. Ke3 Be5 37. Bb6 c5 38. Bd8 Kd7 39. Bh4 Nd4 40. Nc1 Bg7 41. Nd3 Bh6+ 42. f4 Ne6 43. Be1 Bg7 44. Bxa5 Kc6 45. Bd2 Bd4+ 46. Kf3 Bf6 47. Kg3 1/2-1/2

[Event "Chigorin Memorial 25th"]
[Site "St Petersburg"]
[Date "2017.10.22"]
[Round "2"]
[White "Surovtseva, Alisa"]
[Black "Makoveev, Ilya"]
[Result "0-1"]
[WhiteElo "1693"]
[BlackElo "2041"]
[PlyCount "27"]
[EventDate "2017.10.21"]
[EventType "swiss"]
[EventRounds "9"]
[EventCountry "RUS"]
[SourceTitle "CBM 181 Extra"]
[Source "ChessBase"]
[SourceDate "2017.12.12"]
[SourceVersion "1"]
[SourceVersionDate "2017.12.12"]
[SourceQuality "1"]

1. e4 c5 2. Nf3 d6 3. d4 cxd4 4. Qxd4 Nf6 5. e5 Nc6 6. Bb5 dxe5 7. Qxd8+ Kxd8 8. Bxc6 bxc6 9. Nxe5 Ke8 10. Nc3 e6 11. Bd2 Bd6 12. Nc4 Bc7 13. 0-0 Ba6 14. b3 0-1

[Event "Satka Autumn op"]
[Site "Satka"]
[Date "2017.09.16"]
[Round "5"]
[White "Surovtseva, Alisa"]
[Black "Kilina, Elizaveta"]
[Result "1-0"]
[WhiteElo "1623"]
[BlackElo "1186"]
[PlyCount "85"]
[EventDate "2017.09.12"]
[EventType "swiss"]
[EventRounds "9"]
[EventCountry "RUS"]
[SourceTitle "CBM 180 Extra"]
[Source "ChessBase"]
[SourceDate "2017.10.06"]
[SourceVersion "1"]
[SourceVersionDate "2017.10.06"]
[SourceQuality "1"]

1. e4 e5 2. Nf3 Nc6 3. Nc3 Nf6 4. Bb5 d6 5. d4 exd4 6. Nxd4 Bd7 7. Nxc6 Bxc6 8. Bxc6+ bxc6 9. Qf3 d5 10. 0-0 Be7 11. Rd1 0-0 12. exd5 c5 13. Bf4 Rb8 14. Rab1 Bd6 15. Bxd6 cxd6 16. Ne4 Nxe4 17. Qxe4 Re8 18. Qf3 Rb4 19. b3 Rbe4 20. h3 Qa5 21. a4 Re1+ 22. Rxe1 Rxe1+ 23. Rxe1 Qxe1+ 24. Kh2 Qe5+ 25. g3 h5 26. c4 h4 27. Qf4 Qxf4 28. gxf4 f5 29. a5 Kf7 30. Kg2 Ke7 31. Kf3 Kd7 32. Ke3 Kc7 33. Kd3 Kb7 34. Kc3 a6 35. b4 cxb4+ 36. Kxb4 Kc7 37. c5 g6 38. cxd6+ Kxd6 39. Kc4 Kc7 40. Kc5 Kd8 41. Kd6 Kc8 42. Ke7 Kc7 43. d6+ 1-0

[Event "RUS-chT U14 Girls"]
[Site "Sochi"]
[Date "2017.05.10"]
[Round "7.1"]
[White "Garifullina, Leya"]
[Black "Surovtseva, Alisa"]
[Result "1-0"]
[WhiteElo "2015"]
[BlackElo "1588"]
[PlyCount "75"]
[EventDate "2017.05.01"]
[EventType "team-tourn"]
[EventRounds "7"]
[EventCountry "RUS"]
[SourceTitle "CBM 178 Extra"]
[Source "ChessBase"]
[SourceDate "2017.06.22"]
[SourceVersion "1"]
[SourceVersionDate "2017.06.22"]
[SourceQuality "1"]

1. e4 e5 2. Nf3 Nc6 3. Bb5 g6 4. c3 a6 5. Ba4 Nge7 6. d4 b5 7. Bb3 exd4 8. cxd4 Bg7 9. d5 Na5 10. Bd2 Nxb3 11. Qxb3 c5 12. Bc3 c4 13. Qb4 f6 14. a4 0-0 15. axb5 d6 16. b6 Rb8 17. 0-0 Qxb6 18. Qxc4 f5 19. Nbd2 Bb7 20. Ba5 Qxb2 21. Rab1 Qf6 22. Qc7 Rfc8 23. Qd7 Ba8 24. Rxb8 Rxb8 25. Bc7 Rb7 26. Qd8+ Qf8 27. Qxd6 fxe4 28. Nxe4 Rb5 29. Qe6+ Qf7 30. Qxf7+ Kxf7 31. Nd6+ Kf8 32. Nxb5 axb5 33. d6 Nc6 34. d7 Ke7 35. Rd1 Nd8 36. Bxd8+ Kxd8 37. Ng5 Bf6 38. Ne6+ 1-0

[Event "RUS-chT U14 Girls"]
[Site "Sochi"]
[Date "2017.05.07"]
[Round "5.1"]
[White "Fairuzova, Zulfiiya"]
[Black "Surovtseva, Alisa"]
[Result "1/2-1/2"]
[WhiteElo "1677"]
[BlackElo "1588"]
[PlyCount "51"]
[EventDate "2017.05.01"]
[EventType "team-tourn"]
[EventRounds "7"]
[EventCountry "RUS"]
[SourceTitle "CBM 178 Extra"]
[Source "ChessBase"]
[SourceDate "2017.06.22"]
[SourceVersion "1"]
[SourceVersionDate "2017.06.22"]
[SourceQuality "1"]

1. d4 d5 2. c4 c6 3. cxd5 cxd5 4. Nc3 Nf6 5. Nf3 Nc6 6. Bf4 a6 7. e3 Bg4 8. h3 Bh5 9. Be2 e6 10. 0-0 Bd6 11. Bxd6 Qxd6 12. a3 0-0 13. Rc1 Rac8 14. b4 b5 15. Nd2 Bxe2 16. Qxe2 e5 17. Nb3 Rfe8 18. Qd3 exd4 19. exd4 Qf4 20. Rcd1 Ra8 21. Rc1 Rac8 22. Rcd1 Ra8 23. Rc1 Rac8 24. Rcd1 Ra8 25. Rc1 Rac8 26. Rcd1 1/2-1/2

[Event "Wch U10 Girls"]
[Site "Batumi"]
[Date "2016.10.30"]
[Round "11.16"]
[White "Zulfugarli, Mahluga"]
[Black "Surovtseva, Alisa"]
[Result "0-1"]
[WhiteElo "1394"]
[BlackElo "1551"]
[PlyCount "104"]
[EventDate "2016.10.19"]
[EventType "swiss"]
[EventRounds "11"]
[EventCountry "GEO"]
[SourceTitle "EXT 2018"]
[Source "ChessBase"]
[SourceDate "2017.10.13"]
[SourceVersion "1"]
[SourceVersionDate "2017.10.13"]
[SourceQuality "1"]

1. e4 e5 2. Nf3 Nc6 3. Bb5 g6 4. 0-0 Bg7 5. Re1 Nge7 6. d3 0-0 7. Nbd2 d6 8. h3 h6 9. Nf1 Kh8 10. Ng3 f5 11. exf5 gxf5 12. Nh5 Qe8 13. Nxg7 Kxg7 14. Nh4 Kh7 15. c3 f4 16. Qf3 Qf7 17. Qe4+ Bf5 18. Nxf5 Qxf5 19. b4 Qxe4 20. Rxe4 Rf7 21. a3 Rg8 22. d4 d5 23. Re1 e4 24. Kh2 Nd8 25. Ba4 c6 26. Bb3 Ne6 27. Rxe4 dxe4 28. Bxe6 Rgf8 29. Bxf7 Rxf7 30. Bd2 Nc8 31. Re1 Nd6 32. h4 h5 33. g3 fxg3+ 34. Kxg3 Rf3+ 35. Kg2 Rf7 36. Bg5 b5 37. Rd1 Rf5 38. Re1 Rf7 39. Re3 Kg6 40. Re1 Rd7 41. Bf4 Kf5 42. Bxd6 Rxd6 43. Re3 Rg6+ 44. Rg3 Rg4 45. Kf1 Rxg3 46. fxg3 Kg4 47. Kf2 a6 48. Ke3 Kxg3 49. Kxe4 Kxh4 50. Kf4 Kh3 51. Ke5 h4 52. Kd6 Kg4 0-1

[Event "Wch U10 Girls"]
[Site "Batumi"]
[Date "2016.10.27"]
[Round "8.6"]
[White "Sheikh, Anum"]
[Black "Surovtseva, Alisa"]
[Result "1-0"]
[WhiteElo "1424"]
[BlackElo "1551"]
[PlyCount "145"]
[EventDate "2016.10.19"]
[EventType "swiss"]
[EventRounds "11"]
[EventCountry "GEO"]
[SourceTitle "EXT 2018"]
[Source "ChessBase"]
[SourceDate "2017.10.13"]
[SourceVersion "1"]
[SourceVersionDate "2017.10.13"]
[SourceQuality "1"]

1. e4 e5 2. Nf3 Nc6 3. d4 exd4 4. Nxd4 Bb4+ 5. c3 Bc5 6. Nxc6 bxc6 7. Bd3 Nf6 8. Qe2 Qe7 9. Nd2 d6 10. h3 0-0 11. a4 a5 12. 0-0 Bb7 13. Nb3 Bb6 14. Bf4 c5 15. e5 dxe5 16. Qxe5 Qxe5 17. Bxe5 Nd5 18. Rfe1 Rad8 19. Bc4 Rfe8 20. Nd2 Kf8 21. Nf3 f6 22. Bg3 c6 23. Rad1 Ba7 24. Bxd5 Rxe1+ 25. Rxe1 Rxd5 26. c4 Rd7 27. b3 Bb6 28. Bf4 Kf7 29. Kf1 Bc8 30. Nd2 Rd3 31. Ne4 Rd8 32. Nd6+ Kf8 33. Nxc8 Rxc8 34. Bd6+ Kf7 35. Re7+ Kg6 36. Rb7 Bd8 37. Bxc5 Rc7 38. Rxc7 Bxc7 39. b4 axb4 40. Bxb4 Bb6 41. a5 Ba7 42. f3 Kf5 43. Ke2 Ke5 44. Kd3 h5 45. Be7 c5 46. Bd8 Kd6 47. Bb6 Bxb6 48. axb6 Kc6 49. Ke4 Kxb6 50. Kd5 g5 51. g4 h4 52. Kd6 Kb7 53. Kxc5 Kc7 54. Kd5 Kd7 55. c5 Kc7 56. Ke6 Kc6 57. Kxf6 Kxc5 58. Kxg5 Kd6 59. Kxh4 Ke6 60. Kg5 Kf7 61. f4 Kg7 62. h4 Kh8 63. Kf6 Kg8 64. Ke7 Kg7 65. f5 Kh8 66. f6 Kh7 67. f7 Kg6 68. f8Q Kh7 69. Qf6 Kg8 70. Ke6 Kh7 71. h5 Kg8 72. h6 Kh7 73. Qg7# 1-0

[Event "Wch U10 Girls"]
[Site "Batumi"]
[Date "2016.10.26"]
[Round "7.12"]
[White "Surovtseva, Alisa"]
[Black "Melenchuk, Olga"]
[Result "1-0"]
[WhiteElo "1551"]
[BlackElo "1396"]
[PlyCount "105"]
[EventDate "2016.10.19"]
[EventType "swiss"]
[EventRounds "11"]
[EventCountry "GEO"]
[SourceTitle "EXT 2018"]
[Source "ChessBase"]
[SourceDate "2017.10.13"]
[SourceVersion "1"]
[SourceVersionDate "2017.10.13"]
[SourceQuality "1"]

1. e4 e5 2. Nf3 Nc6 3. Nc3 Nf6 4. Bb5 Bd6 5. 0-0 0-0 6. d3 h6 7. a3 Re8 8. h3 Bf8 9. Be3 a6 10. Bc4 b5 11. Ba2 d6 12. Nh2 Be6 13. f4 Bxa2 14. Nxa2 d5 15. Ng4 dxe4 16. fxe5 Nxg4 17. Qxg4 Nxe5 18. Qf5 exd3 19. Rad1 Qd7 20. Qxd7 Nxd7 21. Rxd3 Nc5 22. Bxc5 Bxc5+ 23. Kh1 Rad8 24. Rdf3 f6 25. Nb4 Bxb4 26. axb4 Rd2 27. R1f2 Rxf2 28. Rxf2 Re4 29. c3 Kf7 30. Rd2 Ke7 31. Kg1 f5 32. Kf2 c6 33. Rd1 c5 34. bxc5 b4 35. Rd3 a5 36. cxb4 axb4 37. b3 Re5 38. c6 Rc5 39. Rd7+ Kf6 40. c7 g6 41. Rd4 Rxc7 42. Rxb4 Rc2+ 43. Kg3 Rb2 44. Rb6+ Kg5 45. h4+ Kh5 46. Kh3 f4 47. Rb8 Rb1 48. Rb5+ g5 49. g3 f3 50. g4+ Kg6 51. h5+ Kg7 52. Kg3 Rb2 53. Kxf3 1-0

[Event "Wch U10 Girls"]
[Site "Batumi"]
[Date "2016.10.24"]
[Round "6.16"]
[White "Tepeli, Sugra"]
[Black "Surovtseva, Alisa"]
[Result "0-1"]
[WhiteElo "1298"]
[BlackElo "1551"]
[PlyCount "94"]
[EventDate "2016.10.19"]
[EventType "swiss"]
[EventRounds "11"]
[EventCountry "GEO"]
[SourceTitle "EXT 2018"]
[Source "ChessBase"]
[SourceDate "2017.10.13"]
[SourceVersion "1"]
[SourceVersionDate "2017.10.13"]
[SourceQuality "1"]

1. e4 e5 2. Nf3 Nc6 3. Bc4 Nf6 4. d3 Be7 5. 0-0 0-0 6. Re1 d6 7. a4 Bg4 8. c3 h6 9. a5 a6 10. Nbd2 Nh7 11. h3 Bh5 12. b4 Ng5 13. Bb2 Ne6 14. Nf1 Nf4 15. Ng3 Bg6 16. Bc1 Bf6 17. Qc2 Qd7 18. Bxf4 exf4 19. Nf1 Bh5 20. N1d2 Ne5 21. Nxe5 dxe5 22. Kh2 Rad8 23. Nf3 Qe7 24. Rad1 Kh8 25. Rd2 Bg5 26. Qb2 Rd6 27. d4 Bxf3 28. gxf3 Rg6 29. Rg1 Bh4 30. Rxg6 fxg6 31. Rd1 Rd8 32. d5 Rd6 33. Rg1 g5 34. Bf1 h5 35. Qe2 Rg6 36. Rg2 Qf7 37. Rg1 Kh7 38. c4 Qf6 39. c5 g4 40. fxg4 f3 41. Qd2 Bg5 42. Qd3 Bf4+ 43. Rg3 hxg4 44. Kh1 Bxg3 45. fxg3 gxh3 46. Kh2 Rh6 47. Qe3 f2 0-1

[Event "Satka Autumn op"]
[Site "Satka"]
[Date "2016.09.23"]
[Round "3"]
[White "Surovtseva, Alisa"]
[Black "Mirgalina, Anna"]
[Result "1-0"]
[WhiteElo "1514"]
[BlackElo "1167"]
[PlyCount "67"]
[EventDate "2016.09.21"]
[EventType "swiss"]
[EventRounds "9"]
[EventCountry "RUS"]
[SourceTitle "CBM 174 Extra"]
[Source "ChessBase"]
[SourceDate "2016.10.10"]
[SourceVersion "1"]
[SourceVersionDate "2016.10.10"]
[SourceQuality "1"]

1. e4 c5 2. Nf3 d6 3. d4 cxd4 4. Qxd4 Nc6 5. Bb5 Bd7 6. Bxc6 Bxc6 7. Nc3 Nf6 8. Bg5 Qc7 9. 0-0-0 h6 10. Bh4 Rc8 11. Qd3 a6 12. Nd4 Bd7 13. f4 b5 14. Kb1 e5 15. Nf5 Bxf5 16. exf5 Be7 17. Bxf6 Bxf6 18. Nd5 Qd8 19. Nxf6+ Qxf6 20. fxe5 Qg5 21. exd6 0-0 22. d7 Rcd8 23. Qd5 Kh8 24. Rhe1 Qf6 25. g4 Qg5 26. h3 Qh4 27. Qc6 Qxh3 28. Re8 Qxg4 29. Rxf8+ Rxf8 30. d8Q Kh7 31. Qd3 Kg8 32. Qcd6 Qh5 33. Qxf8+ Kxf8 34. Qd8# 1-0

[Event "Satka Autumn op"]
[Site "Satka"]
[Date "2016.09.21"]
[Round "1"]
[White "Utiatskaja, Irina"]
[Black "Surovtseva, Alisa"]
[Result "1-0"]
[WhiteElo "2123"]
[BlackElo "1514"]
[PlyCount "149"]
[EventDate "2016.09.21"]
[EventType "swiss"]
[EventRounds "9"]
[EventCountry "RUS"]
[SourceTitle "CBM 174 Extra"]
[Source "ChessBase"]
[SourceDate "2016.10.10"]
[SourceVersion "1"]
[SourceVersionDate "2016.10.10"]
[SourceQuality "1"]

1. e4 e5 2. Nf3 Nc6 3. Bb5 g6 4. 0-0 Bg7 5. c3 a6 6. Ba4 Nge7 7. d4 exd4 8. cxd4 b5 9. Bb3 0-0 10. Nc3 d6 11. h3 Na5 12. Bc2 Bb7 13. Bg5 Qd7 14. Qc1 f5 15. Re1 fxe4 16. Bxe7 Qxe7 17. Bxe4 Bxe4 18. Nxe4 Qd7 19. Qc3 Nc4 20. b3 Nb6 21. Rac1 Nd5 22. Qc6 Qxc6 23. Rxc6 a5 24. Neg5 Ra7 25. a3 Nf4 26. Ne6 Nxe6 27. Rxe6 Bh6 28. Re7 Rf7 29. Rxf7 Kxf7 30. d5 a4 31. bxa4 bxa4 32. Nd4 Bg7 33. Nb5 Rb7 34. Rxc7+ Rxc7 35. Nxc7 Bb2 36. Nb5 Kf6 37. f4 Bc1 38. g3 Be3+ 39. Kg2 Bc5 40. Kf3 h5 41. Ke4 Kg7 42. Nc3 Bxa3 43. Nxa4 Bb4 44. Nb6 Kf6 45. Nc4 Kg7 46. Ne3 Kf6 47. Nc2 Bc5 48. g4 hxg4 49. hxg4 Bf2 50. Nd4 Kf7 51. Ne6 Kf6 52. Kd3 Bg3 53. Kc4 Be1 54. Kb5 Bd2 55. Kc6 Bb4 56. Kd7 Ba3 57. Ng5 Bc1 58. Ne4+ Kg7 59. Kxd6 Bxf4+ 60. Ke7 Kh6 61. d6 Kg7 62. d7 Bc7 63. d8Q Bxd8+ 64. Kxd8 Kf7 65. Kd7 Kg7 66. Ke7 Kh6 67. g5+ Kg7 68. Ke6 Kh7 69. Kf7 Kh8 70. Kxg6 Kg8 71. Kh6 Kh8 72. g6 Kg8 73. Nf6+ Kf8 74. g7+ Ke7 75. g8Q 1-0

[Event "EU-ch (Women) 17th"]
[Site "Mamaia"]
[Date "2016.06.07"]
[Round "11"]
[White "Motycakova, Monika"]
[Black "Surovtseva, Alisa"]
[Result "1-0"]
[WhiteElo "2170"]
[BlackElo "1574"]
[PlyCount "83"]
[EventDate "2016.05.27"]
[EventType "swiss"]
[EventRounds "11"]
[EventCountry "ROU"]
[SourceTitle "CBM 172 Extra"]
[Source "ChessBase"]
[SourceDate "2016.06.21"]
[SourceVersion "1"]
[SourceVersionDate "2016.06.21"]
[SourceQuality "1"]

1. e4 e5 2. Nf3 Nc6 3. Bc4 Nf6 4. 0-0 Bc5 5. d4 Bxd4 6. Nxd4 Nxd4 7. f4 d6 8. fxe5 dxe5 9. Bg5 Be6 10. Na3 Qe7 11. Bxf6 gxf6 12. c3 Bxc4 13. Nxc4 Ne6 14. b4 Rg8 15. Kh1 Nf4 16. Ne3 Qe6 17. Qa4+ c6 18. Rad1 a6 19. Qa5 Rg5 20. Nf5 Rxf5 21. exf5 Qxf5 22. Qc5 Qe4 23. Rd2 Nd5 24. c4 Nf4 25. Rfd1 Ne6 26. Qb6 c5 27. bxc5 Nd4 28. Qxf6 Rc8 29. Qh8+ Kd7 30. Rxd4+ exd4 31. Rxd4+ Qxd4 32. Qxd4+ Ke7 33. Qe5+ Kd7 34. Qf5+ Kc7 35. Qxf7+ Kb8 36. Qe7 h5 37. h4 Rc7 38. Qe5 a5 39. a4 Ka8 40. Qxc7 Ka7 41. c6 Ka8 42. Qxb7# 1-0

[Event "EU-ch (Women) 17th"]
[Site "Mamaia"]
[Date "2016.06.06"]
[Round "10"]
[White "Pancu, Aureliana Eugenia"]
[Black "Surovtseva, Alisa"]
[Result "1-0"]
[WhiteElo "1841"]
[BlackElo "1574"]
[PlyCount "117"]
[EventDate "2016.05.27"]
[EventType "swiss"]
[EventRounds "11"]
[EventCountry "ROU"]
[SourceTitle "CBM 172 Extra"]
[Source "ChessBase"]
[SourceDate "2016.06.21"]
[SourceVersion "1"]
[SourceVersionDate "2016.06.21"]
[SourceQuality "1"]

1. d4 d5 2. Nf3 Nf6 3. g3 Bf5 4. Bg2 c6 5. 0-0 e6 6. b3 Be7 7. Bb2 Nbd7 8. c4 h6 9. Nc3 0-0 10. Rc1 Rc8 11. Ne5 Ng4 12. e4 Ngxe5 13. exf5 Bg5 14. Rb1 exf5 15. dxe5 dxc4 16. bxc4 Be7 17. Qe2 Nc5 18. Ba3 Ne6 19. Bxe7 Qxe7 20. Rfd1 Rfe8 21. Qe3 b6 22. Bh3 Rcd8 23. Bxf5 Nc5 24. Bh3 Rxd1+ 25. Rxd1 Qxe5 26. Qxe5 Rxe5 27. Bg2 Re6 28. Kf1 Kf8 29. Ne2 Na4 30. Rd2 b5 31. cxb5 cxb5 32. Rd7 Re7 33. Rd8+ Re8 34. Rxe8+ Kxe8 35. Bc6+ Ke7 36. Bxb5 Nb6 37. Nc3 Kd6 38. Ke2 h5 39. Kd3 f6 40. Be8 g5 41. Bxh5 Nc8 42. Bg4 Ne7 43. Bf3 Ng6 44. Nb5+ Kc5 45. Nd4 a5 46. Kc3 Ne5 47. Be2 Ng6 48. Bd3 Ne7 49. Be4 Ng8 50. Nf5 a4 51. a3 g4 52. f3 gxf3 53. Bxf3 Kb5 54. Bd5 Kc5 55. Bxg8 Kc6 56. h4 Kd7 57. h5 Ke8 58. h6 Kf8 59. Be6 1-0

[Event "EU-ch (Women) 17th"]
[Site "Mamaia"]
[Date "2016.06.05"]
[Round "9"]
[White "Surovtseva, Alisa"]
[Black "Cimpean, Andra"]
[Result "0-1"]
[WhiteElo "1574"]
[BlackElo "1794"]
[PlyCount "178"]
[EventDate "2016.05.27"]
[EventType "swiss"]
[EventRounds "11"]
[EventCountry "ROU"]
[SourceTitle "CBM 172 Extra"]
[Source "ChessBase"]
[SourceDate "2016.06.21"]
[SourceVersion "1"]
[SourceVersionDate "2016.06.21"]
[SourceQuality "1"]

1. e4 d5 2. exd5 Qxd5 3. Nc3 Qd6 4. d4 c6 5. Ne4 Qe6 6. Qe2 Nf6 7. f3 Qd5 8. c3 Bf5 9. Ng3 g6 10. Nxf5 gxf5 11. g3 Nbd7 12. Bh3 e6 13. Be3 Nb6 14. Bf1 h5 15. Bf4 Nfd7 16. Qc2 Be7 17. Qb3 Qa5 18. 0-0-0 0-0-0 19. Bg2 Nd5 20. Bd2 Qc7 21. c4 N5f6 22. Nh3 Nb8 23. Bc3 Rhg8 24. Be1 h4 25. Rg1 Nh5 26. f4 Bf6 27. Bf2 Na6 28. Bf3 hxg3 29. hxg3 Rh8 30. Ng5 Bxg5 31. fxg5 Qe7 32. Be3 Qb4 33. Qxb4 Nxb4 34. a3 Na6 35. Bxh5 Rxh5 36. g4 Rh3 37. Bf4 Rh4 38. g6 Rxg4 39. Rxg4 fxg4 40. gxf7 Rf8 41. Rg1 Rxf7 42. Be5 c5 43. Rxg4 cxd4 44. Bxd4 b6 45. Kd2 Kd7 46. Ke3 Kc6 47. b4 Nc7 48. Be5 Ne8 49. Rg8 Nd6 50. Bxd6 Kxd6 51. a4 Rh7 52. a5 bxa5 53. bxa5 Rh5 54. Kd4 Rxa5 55. c5+ Rxc5 56. Rd8+ Kc7 57. Ra8 Rd5+ 58. Kc4 a5 59. Re8 Kd6 60. Rh8 Rc5+ 61. Kd4 e5+ 62. Kd3 Rd5+ 63. Kc3 Rd4 64. Ra8 a4 65. Rd8+ Kc5 66. Rc8+ Kd5 67. Rd8+ Ke4 68. Re8 Rd3+ 69. Kc2 Rf3 70. Ra8 a3 71. Re8 Rf2+ 72. Kb1 Kf4 73. Ra8 Rf3 74. Rf8+ Ke3 75. Ra8 Ke2 76. Re8 Re3 77. Kc2 e4 78. Kb1 Kf2 79. Rf8+ Rf3 80. Re8 e3 81. Kc2 a2 82. Kb2 e2 83. Ka1 e1Q+ 84. Rxe1 Kxe1 85. Kxa2 Kd2 86. Kb2 Rg3 87. Kb1 Rb3+ 88. Ka2 Kc2 89. Ka1 Ra3# 0-1

[Event "EU-ch (Women) 17th"]
[Site "Mamaia"]
[Date "2016.05.30"]
[Round "4"]
[White "Salimova, Nurgyul"]
[Black "Surovtseva, Alisa"]
[Result "1/2-1/2"]
[WhiteElo "2160"]
[BlackElo "1574"]
[PlyCount "89"]
[EventDate "2016.05.27"]
[EventType "swiss"]
[EventRounds "11"]
[EventCountry "ROU"]
[SourceTitle "CBM 172 Extra"]
[Source "ChessBase"]
[SourceDate "2016.06.21"]
[SourceVersion "1"]
[SourceVersionDate "2016.06.21"]
[SourceQuality "1"]

1. d4 d5 2. c4 c6 3. e3 e6 4. Nc3 Nf6 5. Nf3 Nbd7 6. Bd3 dxc4 7. Bxc4 b5 8. Bd3 Bb7 9. 0-0 a6 10. Qe2 c5 11. b3 Be7 12. Bb2 0-0 13. Rfd1 Qb6 14. Rac1 Rac8 15. Ba1 Rfd8 16. a4 b4 17. Nb1 cxd4 18. Bxd4 Bc5 19. Ba1 Nd5 20. Nbd2 N7f6 21. Nc4 Qa7 22. Nfe5 Ba8 23. Ng4 Be7 24. Bd4 Qb7 25. Nxf6+ Bxf6 26. Bxf6 Nxf6 27. Qf1 Nd5 28. Be4 Qe7 29. Bxd5 Bxd5 30. h3 h6 31. Qe2 Bxc4 32. Rxd8+ Qxd8 33. Rxc4 Rxc4 34. Qxc4 a5 35. g3 Kf8 36. Qc5+ Kg8 37. Qc4 Kf8 38. h4 Kg8 39. Kg2 Kf8 40. Qc5+ Ke8 41. Qc6+ Ke7 42. Qc5+ Ke8 43. Qc6+ Ke7 44. Qc5+ Ke8 45. Qc6+ 1/2-1/2

[Event "EU-ch (Women) 17th"]
[Site "Mamaia"]
[Date "2016.05.29"]
[Round "3"]
[White "Surovtseva, Alisa"]
[Black "Petrenko, Svetlana"]
[Result "1/2-1/2"]
[WhiteElo "1574"]
[BlackElo "2182"]
[PlyCount "89"]
[EventDate "2016.05.27"]
[EventType "swiss"]
[EventRounds "11"]
[EventCountry "ROU"]
[SourceTitle "CBM 172 Extra"]
[Source "ChessBase"]
[SourceDate "2016.06.21"]
[SourceVersion "1"]
[SourceVersionDate "2016.06.21"]
[SourceQuality "1"]

1. e4 c5 2. Nf3 Nc6 3. Bb5 Qb6 4. Bxc6 Qxc6 5. Nc3 d6 6. h3 e6 7. 0-0 b5 8. Re1 b4 9. Nd5 Qb7 10. Nf4 e5 11. Nd5 Ne7 12. Nxe7 Bxe7 13. d3 0-0 14. Nh2 f5 15. exf5 Rxf5 16. Qe2 Bd7 17. Qe4 d5 18. Qe2 Bd6 19. Ng4 Raf8 20. f3 h5 21. Ne3 R5f6 22. c3 a5 23. c4 d4 24. Nf1 Rg6 25. Kh1 Bc6 26. Nd2 a4 27. Ne4 Be7 28. b3 Rf5 29. Bd2 a3 30. Rf1 Qb8 31. Rae1 Qf8 32. Rd1 Bb7 33. Rg1 h4 34. Rdf1 Ra6 35. Rf2 Qa8 36. Rgf1 g5 37. Re1 Rg6 38. Rff1 Rg7 39. Bc1 Qf8 40. Bd2 Rg6 41. Bc1 Rg7 42. Bd2 Rgf7 43. Kg1 Qg7 44. Bc1 Rf8 45. Bd2 1/2-1/2

[Event "RUS-chT U14 Girls"]
[Site "Sochi"]
[Date "2016.05.06"]
[Round "6.1"]
[White "Surovtseva, Alisa"]
[Black "Filippova, Darya"]
[Result "0-1"]
[WhiteElo "1574"]
[BlackElo "1976"]
[PlyCount "94"]
[EventDate "2016.05.01"]
[EventType "team-tourn"]
[EventRounds "10"]
[EventCountry "RUS"]
[SourceTitle "EXT 2018"]
[Source "ChessBase"]
[SourceDate "2017.10.13"]
[SourceVersion "1"]
[SourceVersionDate "2017.10.13"]
[SourceQuality "1"]

1. e4 c6 2. d4 d5 3. exd5 cxd5 4. c4 Nf6 5. Nc3 Nc6 6. Bg5 Bg4 7. f3 Be6 8. c5 g6 9. Bb5 Bg7 10. Nge2 h6 11. Be3 0-0 12. 0-0 Qd7 13. Qd2 Kh7 14. a3 Bf5 15. Ng3 Ne8 16. Nxf5 Qxf5 17. Bd3 Qd7 18. Bc2 Nc7 19. Bb3 Rad8 20. Rad1 Qf5 21. Qc1 Rfe8 22. Bf2 Qc8 23. Rfe1 h5 24. Qf4 Rf8 25. Qc1 Bh6 26. Be3 Bxe3+ 27. Qxe3 Qf5 28. Qd3 Qf6 29. Ba4 e6 30. b4 Ne7 31. Bc2 Nf5 32. Qd2 Ne8 33. Bxf5 gxf5 34. Qe2 Rg8 35. f4 Qh6 36. Rf1 Rg4 37. h3 Rg7 38. Rf2 Nf6 39. Rd2 Ne4 40. Rb2 Nxc3 41. Qf3 Ne4 42. Rfc2 Rg3 43. Qd1 Rdg8 44. Kh1 Rc3 45. Rxc3 Nxc3 46. Qf3 Ne4 47. Qe2 Ng3+ 0-1

[Event "Moscow op-B (Women)"]
[Site "Moscow"]
[Date "2016.01.31"]
[Round "2"]
[White "Zotova, Anastasia"]
[Black "Surovtseva, Alisa"]
[Result "1-0"]
[WhiteElo "1991"]
[BlackElo "1594"]
[PlyCount "107"]
[EventDate "2016.01.30"]
[EventType "swiss"]
[EventRounds "9"]
[EventCountry "RUS"]
[SourceTitle "CBM 170 Extra"]
[Source "ChessBase"]
[SourceDate "2016.02.25"]
[SourceVersion "1"]
[SourceVersionDate "2016.02.25"]
[SourceQuality "1"]

1. e4 e5 2. Nf3 Nc6 3. d4 exd4 4. Nxd4 Bb4+ 5. c3 Bc5 6. Be3 Bb6 7. Nf5 Bxe3 8. Nxe3 Nf6 9. f3 0-0 10. c4 d6 11. Nc3 Re8 12. Bd3 Bd7 13. 0-0 Ne5 14. Bc2 c6 15. Qd4 Qb6 16. Qxb6 axb6 17. Rad1 Be6 18. Bb3 Rad8 19. Rd2 Nfd7 20. f4 Ng4 21. Nxg4 Bxg4 22. h3 Bh5 23. g4 Bg6 24. f5 Ne5 25. fxg6 hxg6 26. Na4 Re6 27. Nxb6 Rf6 28. Rxf6 gxf6 29. Kf2 Re8 30. Rxd6 Kg7 31. c5 Rh8 32. Kg3 g5 33. Nd7 Nxd7 34. Rxd7 Rf8 35. Rxb7 Kg8 36. a4 Kg7 37. Rxf7+ Rxf7 38. Bxf7 Kxf7 39. a5 Ke6 40. a6 Ke5 41. a7 Kxe4 42. a8Q Kd5 43. b4 Ke5 44. Qxc6 f5 45. gxf5 Kxf5 46. b5 g4 47. hxg4+ Kg5 48. Qd5+ Kh6 49. b6 Kg6 50. b7 Kf6 51. b8R Ke7 52. Qd6+ Kf7 53. Rb7+ Ke8 54. Qe7# 1-0

[Event "Satka Autumn op (Women)"]
[Site "Satka"]
[Date "2015.09.25"]
[Round "4"]
[White "Filippova, Margarita"]
[Black "Surovtseva, Alisa"]
[Result "1/2-1/2"]
[WhiteElo "1718"]
[BlackElo "1385"]
[PlyCount "113"]
[EventDate "2015.09.22"]
[EventType "swiss"]
[EventRounds "9"]
[EventCountry "RUS"]
[SourceTitle "CBM 168 Extra"]
[Source "ChessBase"]
[SourceDate "2015.10.29"]
[SourceVersion "1"]
[SourceVersionDate "2015.10.29"]
[SourceQuality "1"]

1. d4 d5 2. c4 c6 3. Nf3 Nf6 4. e3 e6 5. Bd3 Nbd7 6. 0-0 dxc4 7. Bxc4 b5 8. Bd3 Bb7 9. Nbd2 a6 10. b3 Be7 11. Bb2 0-0 12. Rc1 c5 13. Qe2 Rc8 14. Rfd1 Qb6 15. h3 Rfd8 16. a3 Rc7 17. Ne5 Nxe5 18. dxe5 Qc6 19. Nf3 Nd5 20. Rc2 Rcd7 21. Rcd2 Nb6 22. Rc1 c4 23. bxc4 bxc4 24. Bd4 cxd3 25. Qd1 Nc4 26. Rxd3 Qd5 27. e4 Qb5 28. a4 Nb2 29. axb5 Nxd1 30. bxa6 Bxa6 31. Rdxd1 Be2 32. Re1 Bxf3 33. Bb6 Rb8 34. Bc7 Rc8 35. Bd6 Rxc1 36. Rxc1 Bxd6 37. exd6 g6 38. gxf3 Rxd6 39. Kg2 Kg7 40. Kg3 e5 41. Rc5 Kf6 42. f4 Rd3+ 43. f3 exf4+ 44. Kxf4 g5+ 45. Kg4 h5+ 46. Kg3 Ra3 47. Rc6+ Kg7 48. Rc4 Ra2 49. Rc3 h4+ 50. Kg4 Kg6 51. Rc6+ f6 52. f4 Rg2+ 53. Kf3 Rg3+ 54. Kf2 gxf4 55. e5 Re3 56. Rxf6+ Kg5 57. Re6 1/2-1/2